Science Quiz

Random Science or Math Quiz

High School Math Odyssey Quiz Stats

Quiz Updated Sep 17, 2013

Also try: Literary Math
Challenge
Share
Tweet
Embed
Score 0/10 Timer 13:00
1 Play Today
Problem Answer % Correct
Find 'x': 3x + 2y = 9; 4x - 4y = 2 ?2
87.5%
(x2 + 6x + 8)/(x + 4) = ?x + 2
74.6%
Hypotenuse of a right triangle with bases of length 7 and 24 = ?25
74.1%
Zeroes of the function x2 + 5x - 6 = ?-6, 1
63.6%
Measure of an interior angle of a regular pentagon = ?108 degrees
53.9%
d/dx [23x2 - 53x + 43.4] = ?46x - 53
46.1%
Simplify [3/(x + 5)] + [12/(x2+6x+5)] ?3/(x+1)
34.4%
[sin(x) + cos(x)]2 - sin(2x) = ?1
31.9%
Źƒ[6x2 - 6x + 5]dx |2ā†’4 = ?86
26.2%
limnā†’āˆž [1 + 1/n]n = ?e
24.1%

You're not logged in!

Compare scores with friends on all Sporcle quizzes.
Sign Up with Email
OR
Log In

You Might Also Like...

Show Comments

Extras

Top Quizzes Today


Score Distribution

Your Account Isn't Verified!

In order to create a playlist on Sporcle, you need to verify the email address you used during registration. Go to your Sporcle Settings to finish the process.